Ethics and process in the narrative study of lives /

Josselson attempts to reconcile through first-hand accounts some of the ideological, moral, emotional and practical dilemmas that surround narrative research and its researchers by looking at what effects research has on both researcher and researched.

Bibliographic Details
Corporate Author: Sage Publications
Other Authors: Josselson, Ruthellen
Format: eBook
Language:English
Published: Thousand Oaks, Calif. : SAGE, 1996.
Series:Narrative study of lives ; v. 4.
Subjects:
Online Access:Connect to the full text of this electronic book

MARC

Tag First Indicator Second Indicator Subfields
LEADER 00000nam a2200000 a 4500
001 in00004753213
006 m|||||o||d||||||||
007 cr |||||||||||
008 130912s1996 cau fo 001|0|eng|d
005 20231120171302.6
020 |a 9781483345451 (ebook) :  |c No price 
035 |a (OCoLC)1007858023 
035 |a (StDuBDS)EDZ0000165681 
040 |a StDuBDS  |b eng  |c StDuBDS  |e pn 
050 4 |a BF76.4 
082 0 4 |a 174.915  |2 23 
245 0 0 |a Ethics and process in the narrative study of lives /  |c Ruthellen Josselson, editor. 
260 |a Thousand Oaks, Calif. :  |b SAGE,  |c 1996. 
300 |a 1 online resource (xiii, 293 pages). 
336 |a text  |b txt  |2 rdacontent 
337 |a computer  |b c  |2 rdamedia 
338 |a online resource  |b cr  |2 rdacarrier 
490 1 |a The narrative study of lives ;  |v v. 4 
504 |a Includes bibliographical references and index. 
520 8 |a Josselson attempts to reconcile through first-hand accounts some of the ideological, moral, emotional and practical dilemmas that surround narrative research and its researchers by looking at what effects research has on both researcher and researched. 
521 |a Specialized. 
588 |a Description based on print version record. 
650 0 |a Interviewing. 
650 0 |a Research  |x Methodology  |x Moral and ethical aspects. 
650 0 |a Psychotherapists  |x Professional ethics. 
650 0 |a Psychotherapy  |x Moral and ethical aspects. 
655 7 |a Electronic books.  |2 local 
700 1 |a Josselson, Ruthellen. 
710 2 |a Sage Publications. 
776 0 8 |i Print version :  |z 9780761902379 
830 0 |a Narrative study of lives ;  |v v. 4. 
856 4 0 |u http://proxy.library.tamu.edu/login?url=https://sk.sagepub.com/books/ethics-and-process-in-the-narrative-study-of-lives  |z Connect to the full text of this electronic book  |t 0 
955 |a SAGE Knowledge 
999 f f |s 6ef3e762-d954-458a-aa1c-e5bb16ed43b7  |i aeb5ca43-aab6-41e5-9266-02c5dc5c1a43  |t 0 
952 f f |a Texas A&M University  |b College Station  |c Electronic Resources  |d Available Online  |t 0  |e BF76.4   |h Library of Congress classification 
998 f f |a BF76.4   |t 0  |l Available Online